Estadísticas para Países más cercanos a Níger

Haz click aquí para intentar la prueba.

Estadísticas generales

  • Esta prueba ha sido intentada 42 veces
  • La puntuación promedio es 18 de 20

Estadísticas de respuestas

kmpaís% Correcto
0Nigeria
100%
0Benín
97%
0Chad
97%
265Ghana
97%
0Libia
97%
0Argelia
94%
0Burkina Faso
94%
86Camerún
94%
0Malí
94%
1146Rep Dem Congo
94%
191Togo
94%
952Egipto
92%
701República
Centroafricana
92%
612Mauritania
89%
837Sudán
89%
618Côte d'Ivoire
86%
1001Guinea
86%
1185Gabón
81%
787Túnez
81%
1007Guinea Ecuatorial
75%

Distribución de puntuación

Porcentaje por número respondido

Porcentaje de gente con cada puntuación

Historial de tus puntuaciones

No has intentado esta prueba.